Calculations of analytical chemistry

Đã lưu trong:
書目詳細資料
主要作者: Leicester F Hamilton
格式: 圖書
語言:Undetermined
出版: New York McGraw-Hill 1969
主題:
標簽: 添加標簽
沒有標簽, 成為第一個標記此記錄!
Thư viện lưu trữ: Trung tâm Học liệu Trường Đại học Cần Thơ
LEADER 00490nam a2200181Ia 4500
001 CTU_2817
008 210402s9999 xx 000 0 und d
082 |a 543 
082 |b H217 
100 |a Leicester F Hamilton 
245 0 |a Calculations of analytical chemistry 
245 0 |c Leicester F Hamilton 
260 |a New York 
260 |b McGraw-Hill 
260 |c 1969 
650 |a chemistry, analytic 
904 |i Minh, 960829 
980 |a Trung tâm Học liệu Trường Đại học Cần Thơ